LEADER 00984nam0-22003011i-450- 001 990007991210403321 005 20110923122610.0 035 $a000799121 035 $aFED01000799121 035 $a(Aleph)000799121FED01 035 $a000799121 100 $a20050125d1970----km-y0itay50------ba 101 0 $aita 200 1 $aTutela delle acque dall'inquinamento$eclassificazione dei corpi idrici e requisiti di qualità degli scarichi$fFederazione delle Associazioni scientifiche e tecniche. 210 $aMilano$cFast$d1970 215 $a200 p.$d29 cm 300 $aBibl. Ing. Sanitaria 610 0 $aTrattamento delle acque di rifiuto 710 02$aFederazione delle associazioni scientifiche e tecniche$0123218 801 0$aIT$bUNINA$2UNIMARC$gRICA 901 $aBK 912 $a990007991210403321 952 $aN/3-64$fDINID 952 $a55 D 15$b8091$fDMVAP 959 $aDINID 959 $aDMVAP 996 $aTutela delle acque dall'inquinamento$9751964 997 $aUNINA LEADER 00947nam0-22003251i-450- 001 990006441110403321 005 20160915111808.0 010 $a88-87231-11-7 035 $a000644111 035 $aFED01000644111 035 $a(Aleph)000644111FED01 035 $a000644111 100 $a20010409d1999----km-y0itay50------ba 101 0 $aita 105 $ay-------001yy 200 1 $aCome per lucido specchio$elibro dei meriti di vita$fIldegarda di Bingen$ga cura di Luisa Ghiringhelli 210 $aMilano$cMimesis$dc1999 215 $a291 p.$d21 cm 225 1 $aCollana mimesis 610 0 $aTeologia mistica$aBiografie 676 $a248.220922$v21$zita 700 1$aHildegardis Bingensis$c 702 1$aGhiringhelli,$bLuisa 801 0$aIT$bUNINA$gRICA$2UNIMARC 901 $aBK 912 $a990006441110403321 952 $a248.22 GHI 1$fFLFBC 959 $aFLFBC 996 $aCome per lucido specchio$9650284 997 $aUNINA